1980s Rock Bands A-Z - Statistics

General Stats
  • This quiz has been taken 285 times
  • The average score is 16 of 26
Answer Stats
Letter Songs Answer % Correct
B Livin’ On A Prayer | You Give Love A Bad Name Bon Jovi
99%
G Sweet Child O’ Mine | Paradise City Guns 'N' Roses
97%
A Hells Bells | Back In Black AC/DC
95%
J Don’t Stop Believin’ | Separate Ways (Worlds Apart) Journey
91%
C Should I Stay Or Should I Go | Rock The Casbah The {Clash}
91%
V Jump | Panama Van Halen
88%
E The Final Countdown | Carrie Europe
87%
S Eye Of The Tiger | Burning Heart Survivor
85%
D Money For Nothing | Walk Of Life Dire Straits
84%
U With Or Without You | I Still Haven’t Found What I’m Looking For U2
84%
T Shout | Everybody Wants To Rule The World Tears For Fears
81%
F I Want To Know What Love Is | Juke Box Hero Foreigner
69%
M Kickstart My Heart | Girls, Girls, Girls Mötley Crüe
66%
I Need You Tonight | Never Tear Us Apart INXS
63%
W Here I Go Again | Is This Love Whitesnake
63%
Q Cum On Feel The Noize | Bang Your Head (Metal Health) Quiet Riot
56%
H Alone | These Dreams Heart
54%
R Keep On Loving You | Can't Fight This Feeling REO Speedwagon
52%
P Don't Get Me Wrong | Back On The Chain Gang The {Pretenders}
44%
L Cult Of Personality | Glamour Boys Living Colour
37%
N Sister Christian | Don't Tell Me You Love Me Night Ranger
32%
O Your Love | All The Love In The World The {Outfield}
29%
X Dear God | Senses Working Overtime XTC
28%
K Screaming In The Night | Midnite Maniac Krokus
13%
Y Summertime Girls | Mean Streak Y&T
12%
Z Tell Me What You Want | Who's Behind The Door Zebra
10%
No matching quizzes found
Score Distribution
Percent of People with Each Score
Percentile by Number Answered
Your Score History
You have not taken this quiz